La escuela y la psicología experimental (Record no. 20624)

MARC details
000 -CABECERA
campo de control de longitud fija 00994nam a2200289 a 4500
003 - IDENTIFICADOR DEL NÚMERO DE CONTROL
campo de control MX-MxUPN
005 - FECHA Y HORA DE LA ÚLTIMA TRANSACCIÓN
campo de control 20240902154114.0
008 - ELEMENTOS DE LONGITUD FIJA--INFORMACIÓN GENERAL
campo de control de longitud fija 991125n1935 sp fr 001 0 spa d
035 ## - NÚMERO DE CONTROL DEL SISTEMA
Número de control de sistema UPN01000020624
040 ## - FUENTE DE LA CATALOGACIÓN
Centro catalogador/agencia de origen MX-MxUPN
Lengua de catalogación spa
Centro/agencia transcriptor MX-MxUPN
041 ## - CÓDIGO DE IDIOMA
Código de lengua del texto/banda sonora o título independiente spa
050 #4 - SIGNATURA TOPOGRÁFICA DE LA BIBLIOTECA DEL CONGRESO
Número de clasificación LB1051 C5.2
Número de documento/Ítem 1935
100 1# - ASIENTO PRINCIPAL--NOMBRE PERSONAL
Nombre de persona Claparède, Edouard,
Fechas asociadas al nombre 1873-1940
9 (RLIN) 30301
245 13 - MENCIÓN DE TÍTULO
Título La escuela y la psicología experimental
250 ## - MENCIÓN DE EDICIÓN
Mención de edición Tercera edición
260 ## - PUBLICACIÓN, DISTRIBUCIÓN, ETC.
Lugar de publicación, distribución, etc. Madrid :
Nombre del editor, distribuidor, etc. Publicaciones de la Revista de Pedagogía,
Fecha de publicación, distribución, etc. 1935.
300 ## - DESCRIPCIÓN FÍSICA
Extensión 110 páginas
504 ## - NOTA DE BIBLIOGRAFÍA, ETC.
Nota de bibliografía, etc. Incluye índice.
650 #4 - ASIENTO SECUNDARIO DE MATERIA - TERMINO TEMATICO
Término de materia o nombre geográfico como elemento de entrada Psicología educativa
9 (RLIN) 5197
700 1# - ASIENTO SECUNDARIO--NOMBRE DE PERSONAL
9 (RLIN) 30333
Nombre de persona Luzuriaga, Lorenzo,
Fechas asociadas al nombre 1889-1959
Término indicativo de función/relación estudio preliminar
710 2# - ASIENTO SECUNDARIO - NOMBRE CORPORATIVO
9 (RLIN) 51335
Nombre de entidad corporativa o nombre de jurisdicción como elemento de entrada Museo Pedagógico Nacional (México)
Término indicativo de función/relación propietario anterior
710 1# - ASIENTO SECUNDARIO - NOMBRE CORPORATIVO
9 (RLIN) 51349
Nombre de entidad corporativa o nombre de jurisdicción como elemento de entrada México.
Unidad subordinada Secretaría de Educación Pública.
-- Biblioteca Pública
Término indicativo de función/relación propietario anterior
902 ## - ELEMENTOS DE DATOS B LOCAL, LDB (RLIN)
Modificó MaríaRobles/020924
904 ## - ELEMENTOS DE DATOS D LOCAL, LDD (RLIN)
a AC
b 020625
905 ## - TIPO DE MATERIAL
Tipo de material Libro
942 ## - ELEMENTOS DE PUNTO DE ACCESO ADICIONAL (KOHA)
Fuente del sistema de clasificación o colocación Library of Congress Classification
Tipo de ítem Koha Libro
Suprimir en OPAC No
Holdings
Estado de retiro Estado de pérdida Fuente del sistema de clasificación o colocación Estado dañado No para préstamo Código de colección Localización permanente Ubicación/localización actual Ubicación en estantería Fecha de adquisición Clasificación Código de barras Fecha visto por última vez Tipo de ítem Koha Nota pública
    Library of Congress Classification   Disponible (Previa cita) Fondo Reservado de libros Bib. Gregorio Torres Quintero Bib. Gregorio Torres Quintero Sala de Fondos Reservados Planta alta 18/11/2022 LB1051 C5.2 1935 20116 31/12/2020 Libro Ejemplar con sello del Museo Pedagógico Nacional y con sello de la Biblioteca Pública de la SEP.